Culturas líquidas en la tierra baldía = Liquid cultures in the wasteland / Roger Bartra ; traducció: Julie Wark Julie Wark
ISBN:
84-9803-103-6
Descripción Física:
52 p. ; 17 cm
Colección:
Breus CCCB
Otros Autores:
Wark, Julie, tr
MARC
| LEADER | 00000nam a2200000Ia 4500 | ||
|---|---|---|---|
| 001 | 19666 | ||
| 008 | 160829s2006 xx 000 0 cat d | ||
| 020 | |a 84-9803-103-6 | ||
| 080 | |a M-5-470 | ||
| 100 | |a Bartra, Roger |9 26957 | ||
| 245 | |a Culturas líquidas en la tierra baldía = Liquid cultures in the wasteland / Roger Bartra ; traducció: |b Julie Wark | ||
| 260 | |a Barcelona : |b Centre de Cultura Contemporània de Barcelona, |c 2006 | ||
| 300 | |a 52 p. ; |c 17 cm | ||
| 490 | |a Breus CCCB | ||
| 590 | |a Text en català i anglès. | ||
| 590 | |a Aquesta conferència va tenir lloc al CCCB el 23 de febrer de 2004 en el cicle 'Fronteras' | ||
| 650 | |a Globalització |x Congressos |9 44755 | ||
| 650 | |a Sociologia |x Congressos |9 31409 | ||
| 700 | |a Wark, Julie, tr. |9 44756 | ||
| 710 | 2 | |a Centre de Cultura Contemporània de Barcelona |9 52510 | |
| 901 | |a Arxiu | ||
| 942 | |n 1 | ||
| 952 | |0 0 |1 0 |4 0 |6 M5470 |7 1 |9 52156 |a Arxiu |b Arxiu |d 2016-12-01 |l 0 |o M-5-470 |p 19666 |r 2016-12-01 00:00:00 |w 2016-12-01 |y ARXIU | ||
| 999 | |c 56004 |d 56004 | ||